| 000 | 00731nam a2200217 a 4500 | ||
|---|---|---|---|
| 001 | 000032446 | ||
| 005 | 20200930065638.0 | ||
| 008 | 110718s1972 dr 000 0 spa d | ||
| 020 | _a674214803 | ||
| 040 |
_aDO-SdBNP _bspa _cBNPHU |
||
| 041 | 1 | 7 | _aeng |
| 100 | 1 |
_aLowenthal, Abraham F _944924 |
|
| 245 | 1 | 3 |
_athe dominican intervention / _cAbraham F. Lowenthal. |
| 260 |
_aCambridge, Massachusetts : _bHarvard University Press, _c1972. |
||
| 300 |
_ax, 246 p. ; _c22 cm. |
||
| 500 | _aIncluye referencia bibliográficas y notas al pie de las páginas | ||
| 500 | _aIncluye índice | ||
| 504 | _aBibliografía : p.2 219-238 | ||
| 590 | _aPerteneció a la biblioteca personal de Juan Isidro Jimenes Grullón | ||
| 049 | _aBNPD | ||
| 999 |
_c31937 _d31937 |
||